| 000 | 00000nam 2200000zi 4500 |
| 001 | 9.945779 |
| 003 | CaOODSP |
| 005 | 20241227145142 |
| 006 | m o d f |
| 007 | cr mn||||||||| |
| 008 | 241129e202412##onc ob f000 0 eng d |
| 020 | |a9780660747316 |
| 040 | |aCaOODSP|beng|erda|cCaOODSP |
| 043 | |an-cn--- |
| 086 | 1 |aH164-385/2024E-PDF |
| 245 | 00|aGuidance document : |blabelling of pharmaceutical drugs for human use. |
| 264 | 1|aOttawa, ON : |bHealth Canada = Santé Canada, |cDecember 2024. |
| 264 | 4|c©2024 |
| 300 | |a1 online resource (vi, 55 pages) |
| 336 | |atext|btxt|2rdacontent |
| 337 | |acomputer|bc|2rdamedia |
| 338 | |aonline resource|bcr|2rdacarrier |
| 500 | |aIssued also in French under title: Ligne directrice provisoire : étiquetage des médicaments pharmaceutiques destinés à l'usage des humains. |
| 500 | |a"Date adopted: 2013-11-01. Effective date: 2024-12-18. Revised date: 2024-12-18." |
| 500 | |a"Pub.: 240659"--Verso of cover. |
| 504 | |aIncludes bibliographical references. |
| 520 | |a"Labelling of Pharmaceutical Drugs for Human Use replaces the Health Canada guidance document Labelling of Drugs for Human Use. This guidance document came into effect in 1989, was subsequently revised in 1991, and has since been removed from circulation by Health Canada because much of its content was deemed to be out-of-date. The purpose of this document is to provide guidance to sponsors to facilitate compliance with the labelling requirements pursuant to sections 3, 9, and 10 of the Food and Drugs Act as well as related provisions of the Food and Drug Regulations, the Controlled Drugs and Substances Act, and its related Regulations including the Narcotic Control Regulations, Parts G and J of the Food and Drug Regulations and the Benzodiazepines and Other Targeted Substances Regulations. This guidance should be used in conjunction with any other relevant Health Canada guidelines, policies and technical documents. Adherence to this guidance is expected to support the safe and effective use of drugs by health care professionals, patients and consumers. …"--Introduction, page 1. |
| 650 | 0|aDrugs|xLabeling|xGovernment policy|zCanada. |
| 650 | 0|aDrugs|xLabeling|xLaw and legislation|zCanada. |
| 710 | 1 |aCanada. |bHealth Canada, |eissuing body. |
| 775 | 08|tLigne directrice provisoire : |w(CaOODSP)9.945781 |
| 856 | 40|qPDF|s975 KB|uhttps://publications.gc.ca/collections/collection_2024/sc-hc/H164-385-2024-eng.pdf |
| 856 | 4 |qHTML|sN/A|uhttps://www.canada.ca/en/health-canada/services/drugs-health-products/drug-products/applications-submissions/guidance-documents/labelling-pharmaceutical-drugs-humans.html |
| 986 | |a240659 |